North American Longest Rivers - Statistics

General Stats
  • This quiz has been taken 301 times
  • The average score is 6 of 10
Answer Stats
Hint Answer % Correct
2,320 miles Mississippi
98%
2,341 miles Missouri
91%
1,450 miles Colorado
88%
1,896 miles Rio Grande
78%
1,980 miles Yukon
59%
1,243 miles Columbia
57%
1,469 miles Arkansas
55%
1,360 miles Red (South)
45%
1,600 miles Nelson
11%
1,195 miles Peace
8%
No matching quizzes found
Score Distribution
Percent of People with Each Score
Percentile by Number Answered
Your Score History
You have not taken this quiz